00229 a2200109 4500001000700000020002200007040001100029100001900040240002800059245002300087362000900110194247 a978-85-08-18152-0 cMagnum aFrança, Mary10aQue bicho será ?lpor10aQue bicho será ?0 a2016